000 01538nam a2200373 4500
001 120744
003 ES-MaACL
005 20250721062619.0
007 t|
008 070214m19711974sp r ||||1| spa d
020 _a84-251-0075-5
080 _a33(02)
100 1 _aPrados Arrarte, Jesús.
_993635
245 1 0 _aEstudios de economía política /
_cJesús Prados Arrarte.
260 _aMadrid :
_bGuadiana,
_c1971-1974.
300 _a10 v. :
_bil. ;
_c21 cm.
505 8 _aContiene: 1. Introducción al estudio de la economía política -- 2. La contabilidad social -- 3. La población -- 4. Teoría de la producción -- 5. Demanda, costes y precio -- 6. El monopolio y la competencia monopolística -- 7. Distribución de la renta nacional: salarios, intereses, rentas y beneficios -- 8. El dinero -- 9. Bancos y política monetaria: con especial referencia de España -- 10. La inflación
650 7 _aEconomía
_2embne
_912006
650 4 _aContabilidad social.
_911314
650 4 _aPoblación.
_916139
650 4 _aDemografía.
_911585
650 4 _aProducción.
_916444
650 7 _aPrecios
_2embne
_9144081
650 4 _aMonopolios.
_915171
650 4 _aRedistribución de la renta.
_916715
650 4 _aMoneda.
_915153
650 4 _aBancos.
_910484
650 4 _aBancos-
_zEspaña-
_yS.XX.
_9167658
650 4 _aPolítica monetaria.
_916300
650 4 _aInflación.
_913753
651 4 _aEspaña-
_xPolítica monetaria-
_yS.XX.
_9167548
852 4 _aES-MaACL
_jP-1811
999 _c120744
_d120744